Platnosť pracovného poriadku pri výkone práce

Pracovný poriadok ako významný vnútorný normatívny predpis, ktorý upravuje špecifické pracovnoprávne prípady u zamestnávateľa, ktoré môžu nastať. Všeobecná právna úprava pracovného poriadku. Predpoklady pre platnosť pracovného poriadku. Informovanosť zamestnancov o pracovnom poriadku.

Saved in:
Bibliographic Details
Main Author: Hrtánek, Ladislav
Format: Book Chapter
Language:Slovak
Subjects:
Tags: Add Tag
No Tags, Be the first to tag this record!

MARC

LEADER 00000naa a2200000 4500
001 0238616
005 20180109132547.0
041 0 |a slo 
044 |a SK 
245 1 0 |a Platnosť pracovného poriadku pri výkone práce  |c Ladislav Hrtánek 
520 |a Pracovný poriadok ako významný vnútorný normatívny predpis, ktorý upravuje špecifické pracovnoprávne prípady u zamestnávateľa, ktoré môžu nastať. Všeobecná právna úprava pracovného poriadku. Predpoklady pre platnosť pracovného poriadku. Informovanosť zamestnancov o pracovnom poriadku. 
610 2 0 |a poriadok pracovný 
610 2 0 |a zamestnávatelia 
610 2 0 |a zamestnanci 
610 2 0 |a disciplína pracovná 
610 2 0 |a zákonník práce 
100 1 |a Hrtánek, Ladislav